Every Fish in Fisch (Along with limited and Special fish) - Statistics

General Stats
  • This quiz has been taken 15 times
  • The average score is 54 of 854
Answer Stats
Rarity Fish % Correct
Trash Boot
80%
Exotic Megalodon
60%
Special Moon
60%
Trash Rock
60%
Legendary Flying Fish
50%
Mythical Great White Shark
50%
Exotic The Kraken
50%
Trash Tire
50%
Mythical Whale Shark
50%
Legendary Alligator
40%
Special Bloop Fish
40%
Exotic Blue Whale
40%
Rare Catfish
40%
Uncommon Clownfish
40%
Trash Driftwood
40%
Secret Long Pike
40%
Legendary Moonfish
40%
Secret Mustard
40%
Mythical Mythic Fish
40%
Limited Nessie
40%
Rare Pufferfish
40%
Secret Scylla
40%
Trash Stalactite
40%
Rare Swordfish
40%
Common Trout
40%
Special Alien Buddy
30%
Exotic Ancient Megalodon
30%
Secret Baby Bloop Fish
30%
Secret Banana
30%
Uncommon Blue Tang
30%
Exotic Boots
30%
Mythical Colossal Squid
30%
Relic Enchant Relic
30%
Mythical Handfish
30%
Common Largemouth Bass
30%
Trash Log
30%
Mythical Manta Ray
30%
Mythical Mosasaurus
30%
Mythical Oarfish
30%
Limited Parrotfish
30%
Mythical Penguin
30%
Limited Phantom Megalodon
30%
Common Red Snapper
30%
Exotic Rocket Fuel
30%
Common Sardine
30%
Legendary Sawfish
30%
Mythical Sea Pickle
30%
Mythical Sea Snake
30%
Trash Seaweed
30%
Mythical Spectral Serpent
30%
Unusual Squid
30%
Special Star
30%
Exotic Treble Bass
30%
Special UFO
30%
Legendary Void Wood
30%
Mythical Whisker Bill
30%
Special Alien Hat
20%
Gemstone Amethyst
20%
Unusual Angelfish
20%
Special Ashclaw
20%
Mythical Atolla Jellyfish
20%
Uncommon Bait Crate
20%
Trash Basalt
20%
Exotic Blobfish
20%
Rare Bluefin Tuna
20%
Trash Bone
20%
Common Bream
20%
Uncommon Brine Shrimp
20%
Legendary Bull Shark
20%
Uncommon Butterflyfish
20%
Limited Candy Corn Cod
20%
Uncommon Carp
20%
Unusual Clam
20%
Exotic Colossal Ancient Dragon
20%
Exotic Colossal Blue Dragon
20%
Uncommon Common Crate
20%
Relic Cosmic Relic
20%
Uncommon Crab
20%
Exotic Crowned Anglerfish
20%
Legendary Dolphin
20%
Unusual Eel
20%
Legendary Electric Eel
20%
Relic Exalted Relic
20%
Legendary Floppy
20%
Unusual Flounder
20%
Secret Friend Fish
20%
Exotic Frozen Leviathan
20%
Trash Fungal Cluster
20%
Uncommon Goldfish
20%
Mythical Grand Reef Guardian
20%
Secret Him
20%
Trash Ice
20%
Limited Jack-o-Lantern
20%
Limited Ken
20%
Gemstone Lapis Lazuli
20%
Exotic Magma Leviathan
20%
Common Minnow
20%
Secret Moby
20%
Exotic Molten Banshee
20%
Secret Moon Idol
20%
Special Mosslurker
20%
Common Mullet
20%
Special Narwhal
20%
Unusual Nurse Shark
20%
Gemstone Opal
20%
Exotic Orca
20%
Common Pearl
20%
Common Perch
20%
Unusual Pike
20%
Unusual Ribbon Eel
20%
Rare Sailfish
20%
Uncommon Salmon
20%
Common Sea Bass
20%
Mythical Sea Mine
20%
Mythical Sea Turtle
20%
Rare Sea Urchin
20%
Common Shrimp
20%
Limited Skeletal Nessie
20%
Unusual Snook
20%
Relic Song of the Deep
20%
Exotic Speed Core
20%
Rare Spider Crab
20%
Uncommon Starfish
20%
Rare Stingray
20%
Trash String
20%
Legendary Sunfish
20%
Special Supersized Bloop Fish
20%
Exotic The Depths Key
20%
Legendary Umbral Shark
20%
Legendary Whiptail Catfish
20%
Uncommon Yellowfin Tuna
20%
Secret 🐋
10%
Secret 🦑
10%
Secret 🐟
10%
Secret 🦈
10%
Secret 🐡
10%
Mythical Abyssal Devourer
10%
Unusual Acanthodii
10%
Common Anchovy
10%
Limited Ancient Algae
10%
Exotic Ancient Depth Serpent
10%
Fragment Ancient Fragment
10%
Secret Ancient Kraken
10%
Secret Ancient Orca
10%
Limited Ancient Serpent Spine
10%
Legendary Ancient Wood
10%
Rare Anglerfish
10%
Uncommon Anomalocaris
10%
Common Atlantean Anchovy
10%
Common Atlantean Sardine
10%
Mythical Aurora Pearl
10%
Mythical Aurora Trout
10%
Legendary Axolotl
10%
Limited Baby Nessie
10%
Exotic Baby Pond Emperor
10%
Limited Baby's First Balloon
10%
Uncommon Barracuda
10%
Special Beluga
10%
Limited Birthday Megalodon
10%
Secret Bloop Cosmetic Crate
10%
Special Bloxy Cola
10%
Unusual Bluefish
10%
Common Bluegill
10%
Legendary Brine Phantom
10%
Limited Candy Cane Carp
10%
Mythical Captain's Goldfish
10%
Rare Carbon Crate
10%
Uncommon Carrot Eel
10%
Common Carrot Goldfish
10%
Common Carrot Pufferfish
10%
Rare Carrot Salmon
10%
Exotic Carrot Shark
10%
Mythical Carrot Snapper
10%
Legendary Carrot Turtle
10%
Mythical Celestial Koi
10%
Common Chub
10%
Rare Cobia
10%
Uncommon Cod
10%
Rare Coelacanth
10%
Secret Colossal Ethereal Dragon
10%
Legendary Coral Emperor
10%
Uncommon Coral Geode
10%
Uncommon Coral Guard
10%
Special Corrupted Floppy
10%
Special Corrupted Mosslurker
10%
Special Corrupted Scylla
10%
Limited Countdown Perch
10%
Legendary Crown Bass
10%
Legendary Crystal Frilled Shark
10%
Unusual Crystal Wrasse
10%
Legendary Deep Emperor
10%
Legendary Deep Pearl
10%
Fragment Deep Sea Fragment
10%
Unusual Depth Octopus
10%
Trash Destroyed Fossil
10%
Mythical DJ Spinopus
10%
Trash Doubloon
10%
Exotic Dreaming Aberration
10%
Legendary Dumbo Octopus
10%
Legendary Dunkleosteus
10%
Fragment Earth Fragment
10%
Limited Ectoplasm Eel
10%
Mythical Electric Blue Seahorse
10%
Mythical Emperor Jellyfish
10%
Limited Eternal Frostwhale
10%
Limited Festive Bait Crate
10%
Uncommon Fish Barrel
10%
Special Frank
10%
Limited Frightful Crate
10%
Rare Frigid Taco
10%
Mythical Frozen Walnut
10%
Special Ghost
10%
Legendary Ginsu Shark
10%
Fragment Glacial Fragment
10%
Mythical Glacierfish
10%
Mythical Glass Diamond
10%
Special Glitch Cap
10%
Unusual Globe Jellyfish
10%
Rare Goblin Shark
10%
Special Golden Coin
10%
Special Golden Nessie
10%
Special Golden Scylla
10%
Mythical Golden Seahorse
10%
Exotic Golden Sea Pearl
10%
Legendary Golden Smallmouth Bass
10%
Mythical Great Hammerhead Shark
10%
Common Gudgeon
10%
Rare Halibut
10%
Rare Hallucigenia
10%
Mythical Helicoprion
10%
Common Herring
10%
Legendary Hidden Pipefish
10%
Common Horseshoe Crab
10%
Mythical Inferno Wood
10%
Mythical Isonade
10%
Rare Keepers Guardian
10%
Limited Kelpie
10%
Legendary Kraken's Herald
10%
Legendary Leedsichthys
10%
Uncommon Longtail Bass
10%
Limited Lovestorm Eel
10%
Special Lusca
10%
Common Mackerel
10%
Special Magician Narwhal
10%
Rare Mahi Mahi
10%
Secret Manatee
10%
Rare Mauve Pearl
10%
Mythical Meg's Fang
10%
Mythical Meg's Spine
10%
Legendary Midnight Axolotl
10%
Mythical Mirage Toadfish
10%
Secret Molten Ripple
10%
Gemstone Moonstone
10%
Legendary Moon Wood
10%
Limited Mushgrove Algae
10%
Mythical Musical Crab
10%
Common Mussel
10%
Mythical Mutated Shark
10%
Legendary Nautilus
10%
Common Neon Tetra
10%
Special Obsidian
10%
Legendary Obsidian Salmon
10%
Mythical Obsidian Swordfish
10%
Legendary Olm
10%
Uncommon Oyster
10%
Uncommon Pale Tang
10%
Limited Papa Smurf
10%
Special Parasite
10%
Limited Phantom Jellyfish
10%
Legendary Pond Emperor
10%
Uncommon Prawn
10%
Limited Pumpkin Pufferfish
10%
Rare Pyrogrub
10%
Rare Quality Bait Crate
10%
Uncommon Red Tang
10%
Uncommon Reef Goby
10%
Common Reef Minnow
10%
Secret Resin
10%
Mythical Ringle
10%
Special Rocket Ship
10%
Unusual Rose Pearl
10%
Legendary Rubber Ducky
10%
Gemstone Ruby
10%
Limited Santa Pufferfish
10%
Uncommon Scallop
10%
Exotic Scalloped Hammerhead
10%
Limited Scarecrow
10%
Trash Scrap Metal
10%
Limited Sea Sponge
10%
Legendary Shipwreck Barracuda
10%
Common Shortfin Mako Shark
10%
Special Singularity
10%
Common Smallmouth Bass
10%
Legendary Small Spine Chimera
10%
Limited Snowcap Algae
10%
Common Sockeye Salmon
10%
Fragment Solar Fragment
10%
Limited Spider Salmon
10%
Special Supersized Driftwood
10%
Special Supersized Floppy
10%
Special Supersized Mosslurker
10%
Special Supersized Scylla
10%
Special Supersized Sea Pickle
10%
Special Taco
10%
Unusual Three-eyed Fish
10%
Common Titanic Black Seadevil
10%
Rare Tropical Bait Crate
10%
Limited Vampire Perch
10%
Special Venoblossom
10%
Mythical Void Angler
10%
Rare Volcanic Geode
10%
Common Voltfin Carp
10%
Mythical Voltfish
10%
Rare Warty Frogfish
10%
Legendary Wiifish
10%
Mythical Zeus' Herald
10%
Special 8-Bit Mr. Tentacles
0%
Rare Abyssacuda
0%
Uncommon Abyssal Bearded Seadevil
0%
Mythical Abyssal Goliath
0%
Legendary Abyssal King
0%
Limited Abyssal Maw
0%
Secret Abyssborn Monstrosity
0%
Uncommon Abyss Snapper
0%
Special Akkorokamul
0%
Rare Alligator Gar
0%
Uncommon Amberjack
0%
Mythical Amblypterus
0%
Legendary Ancient Eel
0%
Mythical Ancient Lobster
0%
Limited Ancient Serpent Skull
0%
Exotic Anglers Lantern
0%
Common Aqua Scribe
0%
Rare Arapaima
0%
Uncommon Arctic Char
0%
Limited Ashcloud Archerfsh
0%
Rare Atlantean Alchemist
0%
Unusual Atlantean Guardian
0%
Limited Azure Studfish
0%
Rare Banditfish
0%
Legendary Barbed Shark
0%
Limited Barracuda's Spine
0%
Mythical Barreleye Fish
0%
Limited Basic Present
0%
Limited Beach Ball Pufferfish
0%
Limited Beach Crate
0%
Unusual Birgeria
0%
Limited Birthday Cake
0%
Limited Birthday Dumbo Octopus
0%
Limited Birthday Gift
0%
Limited Birthday Goldfish
0%
Limited Birthday Squid
0%
Rare Black Dragon Fish
0%
Uncommon Blackfish
0%
Rare Black Ghost Knifefish
0%
Special Black Iron Bucket
0%
Limited Black Veil Ray
0%
Limited Blarney McBreeze
0%
Special Blinking Egg
0%
Mythical Blisterback Blenny
0%
Limited Blistered Eel
0%
Common Blisterfish
0%
Limited Bloodscript Eel
0%
Mythical Blue Energy Crystal
0%
Common Bluegem Angelfish
0%
Unusual Blue Langanose
0%
Common Bluelip Batfish
0%
Rare Blue Ribbon eel
0%
Secret Blue Sea Slug
0%
Special Bluesteel Egg
0%
Legendary Bog Lantern Goby
0%
Special Bombastic Egg
0%
Limited Bone Lanternfish
0%
Legendary Borealis Snapper
0%
Special Bouncing Egg
0%
Uncommon Bowfin
0%
Special Brainfreeze Egg
0%
Limited Brainy Smurf
0%
Limited Brickhorse
0%
Special Brighteyes Egg
0%
Special Broken Scylla
0%
Uncommon Bronze Corydoras
0%
Uncommon Buccaneer Barracuda
0%
Uncommon Burbot
0%
Limited Burnt Betta
0%
Limited Candle Carp
0%
Limited Candy Fish
0%
Limited Capybass
0%
Limited Caramel Chub
0%
Limited Cardinal Studfish
0%
Common Cardinal Tetra
0%
Uncommon Carrot Minnow
0%
Special Charyodis
0%
Mythical Chasm Leech
0%
Special Cheezburger
0%
Unusual Chillback Whitefish
0%
Mythical Chillfin Chimaera
0%
Rare Chillfin Herring
0%
Uncommon Chillshadow Chub
0%
Uncommon Chinfish
0%
Unusual Chinook Salmon
0%
Unusual Chronos Deep Swimmer
0%
Limited Cinder Carp
0%
Common Cladoselache
0%
Limited Claw Gill
0%
Special Cloud
0%
Limited Clown Brickfish
0%
Common Clowned Triggerfish
0%
Limited Cluckfin
0%
Limited Clumsy Smurf
0%
Uncommon Cobalt Angelfish
0%
Unusual Cockatoo Squid
0%
Limited Coconut
0%
Limited Coffin Crab
0%
Rare Coin Piranha
0%
Unusual Coin Squid
0%
Common Coin Triggerfish
0%
Uncommon Colossal Carp
0%
Uncommon Colossal Saccopharynx
0%
Common Column Crawler
0%
Limited Confetti Shark
0%
Limited Cookie
0%
Rare Cookiecutter Shark
0%
Common Coral Chromic
0%
Special Corrupted Kraken
0%
Special Corrupted Megalodon
0%
Common Corsair Grouper
0%
Special Cousin Tentacles
0%
Limited Crab Stud
0%
Special Cracked Egg
0%
Rare Crawling Angler
0%
Rare Crescent Madtom
0%
Limited Crocokoi
0%
Common Crowned Royal Gramma
0%
Rare Cryo Coelacanth
0%
Common Cryoskin
0%
Limited Crystal Carp
0%
Uncommon Crystal Chorus
0%
Legendary Crystal Corydoras
0%
Exotic Crystallized Seadragon
0%
Legendary Crystal Lobster
0%
Rare Cursed Eel
0%
Unusual Cutlass Fish
0%
Rare Cyclone Mako
0%
Rare Cyclone Scorpionfish
0%
Limited Dasyatis
0%
Legendary Deep Behemoth
0%
Legendary Deep Crownfish
0%
Unusual Deep Freeze Devilfish
0%
Rare Deeplight Footballfish
0%
Rare Deep One
0%
Common Deep-sea Dragonfish
0%
Common Deep-sea Hatchetfish
0%
Uncommon Diamond Discus
0%
Unusual Dinoflagellates
0%
Limited Diplomystus
0%
Legendary Diplurus
0%
Secret Dogefin
0%
Special Dr. Ishmael
0%
Limited Duckfin Tuna
0%
Rare Dweller Catfish
0%
Uncommon Echo Fisher
0%
Limited Edestus
0%
Limited Eerie Relic
0%
Secret Elder Mossjaw
0%
Rare Eldritch Horror
0%
Limited Eldritch Spineback
0%
Limited Ember Catfish
0%
Unusual Ember Perch
0%
Unusual Ember Snapper
0%
Uncommon Embertal Eel
0%
Common Emerald Angelfish
0%
Uncommon Emerald Elephantnose
0%
Secret Experimental Salmon
0%
Unusual Fangborn Gar
0%
Special Fern
0%
Special Fischipedia Accurate Pickle
0%
Limited Flamangler
0%
Common Flamekissed Hawkfish
0%
Special Flashlight
0%
Limited Forsaken Algae
0%
Limited Fossil Fan
0%
Trash Freezing Shroom
0%
Unusual Freshwater Pacu
0%
Special Fridge
0%
Limited Frightful Relic
0%
Legendary Frigid Antlers
0%
Unusual Frigid Crab
0%
Mythical Frigid Mammoth Tusk
0%
Uncommon Frigid Shrimp
0%
Unusual Frilled Shark
0%
Rare Frostbite Flounder
0%
Legendary Frostjaw Cod
0%
Uncommon Frostling Goby
0%
Uncommon Frost Minnow
0%
Uncommon Frost Ray
0%
Common Frostscale Fangtooth
0%
Limited Frozen Fangfish
0%
Rare Frozen Pike
0%
Uncommon Galleon Goliath
0%
Special Gargantuan Taco
0%
Common Gazerfish
0%
Common Gem Anchovy
0%
Secret Gem Blobfish
0%
Legendary Gem Dolphin
0%
Uncommon Gem Eel
0%
Mythical Gem Marlin
0%
Common Gem Salmon
0%
Uncommon Gemscale Mandarinfish
0%
Mythical Gemstone Whale Shark
0%
Limited Ghost Minnow
0%
Special Ghoul
0%
Limited Ghoulfish
0%
Limited Giant Lamprey
0%
Unusual Giant Manta
0%
Mythical Giant Seadevil
0%
Unusual Gilded Pearl
0%
Limited Gillicus
0%
Limited Gingerbread Fish
0%
Mythical Glacial Sturgeon
0%
Limited Glacier Glowfish
0%
Unusual Glacier Pike
0%
Rare Glacier Swordfish
0%
Common Glassfish
0%
Limited Glass of Milk
0%
Special Glitched Shades
0%
Common Gloamfin Gar
0%
Common Gloombiter
0%
Limited Glow Brick
0%
Uncommon Goldband Butterflyfish
0%
Limited Goldbrick
0%
Unusual Golden Dorado
0%
Special Golden Egg
0%
Exotic Goldfin Octopus
0%
Mythical Goliath Tigerfish
0%
Unusual Gorgon Grouper
0%
Limited Gravestone Stingray
0%
Common Grayling
0%
Secret Great Goldcursed Shark
0%
Mythical Green Energy Crystal
0%
Uncommon Grey Carp
0%
Limited Grouchy Smurf
0%
Limited Gummy Guppy
0%
Special Gygax Egg
0%
Common Haddock
0%
Limited Harbinger Koi
0%
Uncommon Hawaiian Bobtail Squid
0%
Limited Hefty
0%
Unusual Helios Ray
0%
Common Hellfire Haddock
0%
Limited Hexeye Snapper
0%
Unusual Hidden Filefish
0%
Rare Hollowfin
0%
Limited Hollow Flake Catfish
0%
Limited Hollow Gazer
0%
Limited Hollyscale Trout
0%
Limited Hourglass Bass
0%
Trash Hydra Haddock
0%
Unusual Hyneria
0%
Uncommon Ice Anchovy
0%
Mythical Icebeard Shark
0%
Rare Iceberg Isopod
0%
Rare Icebreaker Haddock
0%
Unusual Iced Perch
0%
Uncommon Ice Eel
0%
Rare Icefang Barracuda
0%
Unusual Ice Jellyfish
0%
Unusual Ice Octopus
0%
Limited Icicle
0%
Unusual Icy Carp
0%
Legendary Icy Daggerfish
0%
Rare Icy Goldfish
0%
Uncommon Icy Salmon
0%
Rare Icy Tuna
0%
Unusual Icy Walleye
0%
Legendary Infant Giant Seadevil
0%
Uncommon Infernal Iguanafish
0%
Common Inferno Hide
0%
Legendary Japanese Dragon Eel
0%
Special JellyBop
0%
Limited Jellystud
0%
Limited Jurassic Helicoprion
0%
Limited Jurassic Mosasaurus
0%
Special Kind Egg
0%
Mythical King Jellyfish
0%
Rare King Oyster
0%
Legendary Kitefin Shark
0%
Limited Kittyfish
0%
Limited Krabbit
0%
Uncommon Kraken Koi
0%
Legendary Langoustine
0%
Rare Lapisjack
0%
Special Lava Bucket
0%
Limited Lava Lamprey
0%
Mythical Lepidotes
0%
Common | Unusual Leviathan Humpback Anglerfish
0%
Limited Licorice Leech
0%
Limited Lifeguard Whistle
0%
Special Lightning Bolt
0%
Common Lightning Minnow
0%
Rare Lightning Pike
0%
Unusual Lingcod
0%
Exotic Lithodes Megacantha
0%
Limited Lollipop Lamprey
0%
Limited Lovestorm Eel Supercharged
0%
Unusual Luminescent Minnow
0%
Mythical Lunar Monkfish
0%
Limited Lurkerfish
0%
Uncommon Lurking Crescent Pike
0%
Legendary Maelstorm Shark
0%
Legendary Mage Marlin
0%
Uncommon Magma Tang
0%
Limited Mained Lionfish
0%
Limited Mama Poot
0%
Uncommon Mandarinfish
0%
Special Mango
0%
Special Mango Smoothie
0%
Special Mango Whale
0%
Uncommon Marble Maiden
0%
Rare Marsh Gar
0%
Limited Marshmallow Mackerel
0%
Rare Massive Marlin
0%
Limited Message in a Bottle
0%
Limited Minnowse
0%
Limited Molten Minnow
0%
Rare Molten Moray
0%
Common Moon Arctic Char
0%
Unusual Moonridge Catfish
0%
Common Moonveil Killifish
0%
Uncommon Mosaic Swimmer
0%
Exotic Mossjaw
0%
Limited Mossjaw Jaw
0%
Limited Mossjaw Scapula
0%
Limited Mossjaw Skull
0%
Limited Mossjaw Spine
0%
Limited Mossjaw Tail
0%
Mythical Motoro Stingray
0%
Limited Mourning Manta Ray
0%
Limited Moxie
0%
Special Mrs. Tentacles
0%
Special Mr. Tentacles
0%
Uncommon Murkslither
0%
Rare Mushgrove Crab
0%
Special Mustard Hat
0%
Rare Mutated Crystal Shrimp
0%
Rare Napoleonfish
0%
Common Neptune's Nibbler
0%
Limited Nessie's Spine
0%
Rare Net Wolffish
0%
Common Night Shrimp
0%
Limited No Name
0%
Rare Northern Snakehead
0%
Limited Northstar Serpent
0%
Limited Octophant
0%
Limited Olmdeer
0%
Limited O'Mango Goldgrin
0%
Uncommon Onychodus
0%
Rare Opalescent Catfish
0%
Common Oracle Minnow
0%
Unusual Oracle's Eye
0%
Limited Orcanda
0%
Limited Oreochima
0%
Limited Ornament Fish
0%
Unusual Oscar Cichlid
0%
Unusual Palaeoniscum
0%
Uncommon Pale Ghost Lumpfish
0%
Rare Payara
0%
Limited Pengwhal
0%
Rare Phanerorhynchus
0%
Uncommon Phantom Ray
0%
Unusual Philosopher's Fish
0%
Limited Piglet Pike
0%
Special Pine Tree
0%
Common Pirahna
0%
Legendary Piraiba
0%
Limited Piranhamunk
0%
Legendary Pirarucu
0%
Limited Plumrick O'Luck
0%
Legendary Polar Alligator
0%
Legendary Polar Prowler
0%
Common Pollock
0%
Special Poltergeist
0%
Limited Popsicle
0%
Limited Porcufish
0%
Common Porgy
0%
Common Poseidon's Perch
0%
Limited Potion Perch
0%
Rare Prismatic Parrotfish
0%
Limited Profane Ray
0%
Rare Pufferflute
0%
Uncommon Pumpkinseed
0%
Special Puzzle Egg
0%
Rare Pyrite Pufferfish
0%
Limited Pyro Pike
0%
Common Quartzfin Queenfish
0%
Rare Queen Angelfish
0%
Legendary Rabbitfish
0%
Limited Racuda
0%
Unusual Radiant Triplewart Seadevil
0%
Special Raindrop
0%
Uncommon Red Crabsquid
0%
Common Red Drum
0%
Mythical Red Energy Crystal
0%
Unusual Redeye Bass
0%
Rare Redeye Piranha
0%
Rare Red Fangtooth
0%
Common Red Spotted Blenny
0%
Rare Reef Parrotfish
0%
Rare Reefrunner Snapper
0%
Limited Rhizodus
0%
Unusual Rockstar Hermit Crab
0%
Unusual Roslit Ray Lobster
0%
Limited Rotfin Eel
0%
Uncommon Rotjaw
0%
Limited Rowdy McCharm
0%
Special Royal Egg
0%
Limited Royal Tigerfish
0%
Legendary Ruby Lionfish
0%
Rare Ruby Rasbora
0%
Limited Salmoose
0%
Limited Sand Castle
0%
Common Sand Dollar
0%
Limited Sandslasher
0%
Limited Santa Salmon
0%
Unusual Sapphire Stargazer
0%
Legendary Scalding Swordfish
0%
Rare Scalloped Spiny Lobster
0%
Limited Scooty Salmon
0%
Legendary Screaming Fluke
0%
Unusual Scurvy Sailfish
0%
Limited Seacow
0%
Uncommon Sea Raven
0%
Uncommon Serpent Surgeonfish
0%
Special Shadow Egg
0%
Uncommon Shadowfang Snapper
0%
Limited Shark Fang
0%
Limited Shellphone
0%
Mythical Shimmering Silverside
0%
Rare Shiverfin Haddock
0%
Limited Shrimpanzee
0%
Rare Silver Arowana
0%
Common Silver Scuttler
0%
Rare Siren Sculpin
0%
Limited Siren's Guppy
0%
Limited Siren Sheep
0%
Unusual Siren Singer
0%
Limited Skelefish
0%
Special Skeletal Serpent
0%
Unusual Skipjack Tuna
0%
Limited Slain Maw
0%
Common Slate Tuna
0%
Limited Slurpfloth
0%
Unusual Smoldering Stingray
0%
Unusual Snowback Char
0%
Unusual Snowcap Lobster
0%
Rare Snowfish
0%
Special Snowflake
0%
Limited Snowflake Flounder
0%
Uncommon Snowflake Smelt
0%
Uncommon Snowgill Dace
0%
Special Snowman
0%
Common Sparkfin Tetra
0%
Common Spiderfish
0%
Limited Spine Blade
0%
Limited Spine Bone
0%
Limited Spined Fin
0%
Uncommon Spiny Sunstone Lobster
0%
Unusual Split Eye Snapper
0%
Limited Spooky Relic
0%
Limited Squirrelray
0%
Rare Starbellied Wolf Fish
0%
Rare Starlit Weaver
0%
Uncommon Static Ray
0%
Special Stationary Egg
0%
Rare Stormcloud Angelfish
0%
Unusual Storm Eel
0%
Legendary Stringed Grouper
0%
Limited Stud Koi
0%
Limited Studling Crab
0%
Limited Studolodon
0%
Limited Studphin
0%
Limited Stud Shark
0%
Limited Stud Turtle
0%
Rare Sturgeon
0%
Uncommon Subzero Stargazer
0%
Rare Suckermouth Catfish
0%
Limited Sunglasses
0%
Common Sunken Silverscale
0%
Limited Sunny O'Coin
0%
Limited Sunscreen Bottle
0%
Limited Sunsquid
0%
Limited Supreme Present
0%
Limited Surfboard Ray
0%
Common Swamp Bass
0%
Unusual Swamp Scallop
0%
Common Sweetfish
0%
Mythical Tarnished Moongill
0%
Exotic Tartaruga
0%
Uncommon Tempest Ray
0%
Uncommon Temple Drifter
0%
Limited Tentabrick
0%
Uncommon Tentacled Horror
0%
Unusual Tentacle Eel
0%
Special Tentacles Junior
0%
Rare Terrapin Lobster
0%
Limited The Whispering One
0%
Unusual Thunder Bass
0%
Legendary Thunder Serpent
0%
Limited Tidal Pike
0%
Limited Tidepopper
0%
Limited Tiki Mask
0%
Rare Titanfang Grouper
0%
Rare Titanic Sturgeon
0%
Uncommon Titan Tuna
0%
Secret Toilet Fish
0%
Unusual Trevally
0%
Rare Triton's Herald
0%
Unusual Trumpetfish
0%
Unusual Tumor Pike
0%
Limited | Special Turkey Leg
0%
Uncommon Twilight Eel
0%
Rare Twilight Glowfish
0%
Mythical Twilight Tentaclefish
0%
Legendary Typhoon Tailfin
0%
Rare Typhoon Tuna
0%
Limited Unique Present
0%
Mythical Vampire Squid
0%
Limited Vanity
0%
Limited Veilborn Parasite
0%
Legendary Veinspawn
0%
Rare Viperfish
0%
Mythical Void Emperor
0%
Rare Voidfin Mahi
0%
Legendary Voidglow Ghostfish
0%
Rare Voidscale Guppy
0%
Unusual Vortex Barracuda
0%
Uncommon Walleye
0%
Special Wanwood Egg
0%
Limited Werewolf Walleye
0%
Unusual Whirlpool Marlin
0%
Uncommon White Bass
0%
Common White Perch
0%
Exotic White Sturgeon
0%
Limited Wraithfin
0%
Limited Wretched Guppy
0%
Unusual Xiphactinus
0%
Limited Xtra Sour Gummy Pack
0%
Unusual Yellow Boxfish
0%
Mythical Yellow Energy Crystal
0%
Limited Yellow Studfish
0%
Limited Zebrafishlet
0%
Limited Zombiefish
0%
No matching quizzes found
Score Distribution
Percent of People with Each Score
Percentile by Number Answered
Your Score History
You have not taken this quiz